| 000 | 00560 a2200181 4500 | ||
|---|---|---|---|
| 999 |
_c4186 _d4186 |
||
| 010 | _aENG-86181 | ||
| 020 |
_a8123748337 _c200.00 |
||
| 035 | _aEN-69714 | ||
| 037 | _bDBAD / PUB | ||
| 082 | _a305.56330954 | ||
| 100 | _aBhalla, G.S. | ||
| 245 |
_aConditions of Indian peasantry / _cby G.S. Bhalla |
||
| 260 |
_aNew Delhi _bNational Book Trust, India _c2006 |
||
| 270 |
_aA-5, Green Park _bNew Delhi _cNew Delhi _e110 016 |
||
| 300 |
_axv, 94p. _c22 cm. (pbk) |
||
| 490 | _aPopular Social Science | ||
| 942 |
_adpl _cEN _2ddc _h305.56330954 _m BHA |
||